Biggest Cities in the Minneapolis area - Statistics

General Stats
  • This quiz has been taken 41 times
  • The average score is 19 of 30
Answer Stats
Hint Answer % Correct
425,330 Minneapolis
97%
307,190 St paul
97%
89,290 Bloomington
88%
32,880 Brooklyn Ctr
88%
84,520 Brooklyn Park
88%
55,630 Apple Valley
81%
53,310 Edina
78%
70,930 Blaine
75%
63,160 Eden Prairie
75%
70,720 Maple Grove
75%
79,820 Plymouth
69%
63,940 Burnsville
66%
63,380 Coon Rapids
66%
76,990 Woodbury
66%
68,640 Eagan
59%
72,810 Lakeville
59%
53,260 Minnetonka
59%
44,540 Shakopee
59%
30,313 Fridley
56%
49,150 St. Louis Pk
56%
35,800 Inver Grv Hts
53%
35,870 Roseville
53%
40,940 Maplewood
50%
39,920 Cottage Grove
47%
36,520 Richfield
47%
68,810 St. Cloud
44%
32,983 Savage
41%
27,970 Oakdale
31%
32,920 Andover
25%
44,690 Mankato
25%
No matching quizzes found
Score Distribution
Percent of People with Each Score
Percentile by Number Answered
Your Score History
You have not taken this quiz